000 00323nam a22001217a 4500
020 _a9789380578705
082 _a621.801
_bGUP/TH
100 _aGupta, B.V.R
245 _aTheory of machines: Kinematics and dynamics
260 _aNew Delhi
_bI.K International Publishing house Pvt. Ltd.
_c2011
300 _a519
942 _cBK
999 _c13664
_d13664